000 00390nam a2200169Ia 4500
100 _aThyagarajan/K/ Ghatak/Ajoy
650 _aElectromagnetic
942 _cBK
366 _f25
654 _aelectromagnetics
245 _aProblems and solutions in electromagnetics
260 _bViva
_c2015
082 _a539.2
_bTHY
300 _a2015
546 _aENGLISH
_cPAMPHALETS
999 _c23677
_d23677